| 000 | 00476nam a2200193Ia 4500 | ||
|---|---|---|---|
| 003 | OSt | ||
| 005 | 20230211105634.0 | ||
| 008 | 210210b2006 xxu||||| |||| 00| 0 eng d | ||
| 040 | _cAL | ||
| 041 | _aEnglish | ||
| 082 | _a361.614 RAMH | ||
| 100 |
_aRAMAN (B S) _971963 |
||
| 245 | _aHuman rights gender equity and environment. | ||
| 260 |
_aMangalore _bUnited Publishers _c2006 |
||
| 300 | _a336 | ||
| 690 |
_aHuman Rights _971964 |
||
| 906 | _a061632 | ||
| 942 |
_2ddc _cBK |
||
| 999 |
_c108241 _d108241 |
||